000 00484nam a2200181Ia 4500
001 491
005 20260306140521.0
008 260306t1991||||xx |||||||||||||| ||spa||
041 _aESP
082 _a121
_bP77 T. 2
100 _aPontificia Accademia di S. Tommaso e di Religione Cattolica
_eAUT
245 0 _aNoetica, critica e matafĂ­sica in chiave tomistica
260 _c1991
300 _a380 páginas :
_c24 cm.
650 _aGEN
654 _aCHU
942 _cLIB
_dJUS
_fJUS
_2ddc
_n
999 _c491
_d491